LEADER 05228nam 22007815 450 001 996465506303316 005 20200706012347.0 010 $a3-540-69523-0 024 7 $a10.1007/BFb0031551 035 $a(CKB)1000000000234691 035 $a(SSID)ssj0000323864 035 $a(PQKBManifestationID)11236824 035 $a(PQKBTitleCode)TC0000323864 035 $a(PQKBWorkID)10304054 035 $a(PQKB)10451668 035 $a(DE-He213)978-3-540-69523-3 035 $a(PPN)155201298 035 $a(EXLCZ)991000000000234691 100 $a20121227d1997 u| 0 101 0 $aeng 135 $aurnn#008mamaa 181 $ctxt 182 $cc 183 $acr 200 10$aHybrid Systems IV$b[electronic resource] /$fedited by Panos Antsaklis, Wolf Kohn, Anil Nerode, Shankar Sastry 205 $a1st ed. 1997. 210 1$aBerlin, Heidelberg :$cSpringer Berlin Heidelberg :$cImprint: Springer,$d1997. 215 $a1 online resource (X, 410 p.) 225 1 $aLecture Notes in Computer Science,$x0302-9743 ;$v1273 300 $aBibliographic Level Mode of Issuance: Monograph 311 $a3-540-63358-8 327 $aBumpless switching in hybrid systems -- A toolbox for proving and maintaining hybrid specifications -- Simulation of hybrid systems -- Application of the Kohn-Nerode control law extraction procedure to the inverted pendulum problem -- Decidability of hybrid systems with linear and nonlinear differential inclusions -- Reliable implementation of hybrid control systems for advanced avionics -- SHIFT: A formalism and a programming language for dynamic networks of hybrid automata -- Synthesis of minimally restrictive legal controllers for a class of hybrid systems -- Control theory, modal logic, and games -- Agent based velocity control of highway systems -- A computational analysis of the reachability problem for a class of hybrid dynamical systems -- A class of rectangular hybrid systems with computable reach set -- Safe implementations of supervisory commands -- Hybrid system games: Extraction of control automata with small topologies -- Hybrid control design for a three vehicle scenario demonstration using overlapping decompositions -- Towards continuous abstractions of dynamical and control systems -- A totally ordered set of discrete abstractions for a given hybrid or continuous system -- Comparing timed and hybrid automata as approximations of continuous systems -- Hybrid control models of next generation air traffic management. 330 $aThis book constitutes the thoroughly refereed post-conference documentation of the Fourth International Conference on Hybrid Systems held in Ithaca, NY, USA, in October 1996. The volume presents 19 carefully revised full papers selected from numerous submissions. Hybrid systems research focuses on modeling, design, and validation of interacting systems (plants) and computer programs (control automata). This volume is devoted to hybrid systems models, formal verification, computer simulation, goal reachability, algorithms for extracting hybrid control programs, and application models for avionics, highway traffic control, and air traffic control. 410 0$aLecture Notes in Computer Science,$x0302-9743 ;$v1273 606 $aComputer logic 606 $aComputers 606 $aArchitecture, Computer 606 $aSpecial purpose computers 606 $aSoftware engineering 606 $aAlgorithms 606 $aLogics and Meanings of Programs$3https://scigraph.springernature.com/ontologies/product-market-codes/I1603X 606 $aTheory of Computation$3https://scigraph.springernature.com/ontologies/product-market-codes/I16005 606 $aComputer System Implementation$3https://scigraph.springernature.com/ontologies/product-market-codes/I13057 606 $aSpecial Purpose and Application-Based Systems$3https://scigraph.springernature.com/ontologies/product-market-codes/I13030 606 $aSoftware Engineering$3https://scigraph.springernature.com/ontologies/product-market-codes/I14029 606 $aAlgorithm Analysis and Problem Complexity$3https://scigraph.springernature.com/ontologies/product-market-codes/I16021 615 0$aComputer logic. 615 0$aComputers. 615 0$aArchitecture, Computer. 615 0$aSpecial purpose computers. 615 0$aSoftware engineering. 615 0$aAlgorithms. 615 14$aLogics and Meanings of Programs. 615 24$aTheory of Computation. 615 24$aComputer System Implementation. 615 24$aSpecial Purpose and Application-Based Systems. 615 24$aSoftware Engineering. 615 24$aAlgorithm Analysis and Problem Complexity. 676 $a629.8/95 702 $aAntsaklis$b Panos$4edt$4http://id.loc.gov/vocabulary/relators/edt 702 $aKohn$b Wolf$4edt$4http://id.loc.gov/vocabulary/relators/edt 702 $aNerode$b Anil$4edt$4http://id.loc.gov/vocabulary/relators/edt 702 $aSastry$b Shankar$4edt$4http://id.loc.gov/vocabulary/relators/edt 712 12$aInternational Conference on Hybrid Systems$d(4th :$f1996 :$eIthaca, N.Y.) 906 $aBOOK 912 $a996465506303316 996 $aHybrid systems IV$91501956 997 $aUNISA LEADER 02978nam 2200553 450 001 9910786758603321 005 20230803204250.0 010 $a3-8428-4204-X 035 $a(CKB)3710000000218443 035 $a(EBL)1896577 035 $a(SSID)ssj0001491683 035 $a(PQKBManifestationID)11935811 035 $a(PQKBTitleCode)TC0001491683 035 $a(PQKBWorkID)11498776 035 $a(PQKB)11747164 035 $a(MiAaPQ)EBC1896577 035 $a(Au-PeEL)EBL1896577 035 $a(CaPaEBR)ebr11020185 035 $a(OCoLC)893616473 035 $a(EXLCZ)993710000000218443 100 $a20150227h20142014 uy 0 101 0 $ager 135 $aur|n|---||||| 181 $ctxt 182 $cc 183 $acr 200 14$aDer anfang za?hlt! $ekonzeptgestaltung fu?r ada?quate bildung in kinderkrippen /$fBettina Ley 210 1$aHamburg, [Germany] :$cDiplomica Verlag,$d2014. 210 4$dİ2014 215 $a1 online resource (92 p.) 300 $aDescription based upon print version of record. 311 $a3-8428-9204-7 320 $aIncludes bibliographical references. 327 $aDer Anfang za?hlt!; Inhaltsverzeichnis; Einleitung; 1 Bildung - das kompetente Kind; 1.1 Geschichtliche Anna?herung; 1.2 Bildungsauftrag; 1.3 Schlussfolgerung fu?r die leitende Fragestellung; 2 Entwicklung - das Kind als Akteur; 2.1 Der Entwicklungbegriff; 2.2 Schlussfolgerung fu?r die leitende Fragestellung; 3 Das Verha?ltnis von Entwicklung und elementarer Bildung; 3.1 Beziehung zwischen Eltern und Kind; 3.2 Selbst - Bildung; 3.3 Schlu?sselqualifikationen; 3.4 Kompetenzen; 3.5 Peer - groups; 3.6 Ziele und Grundlagen; 3.7 Der pa?dagogische Mitarbeiter als Entwicklungsbegleiter 327 $a3.8 Zusammenfassende Schlussfolgerung4 Kinderkrippen - Bildungsorte fu?r den kleinen Menschen; 4.1 Die Geschichte der Krippe in Deutschland; 4.2 Pa?dagogische Herausforderungen; 4.3 Zusammenfassung bezu?glich der leitenden Fragestellung; 5 Bildungs- und Entwicklungsprozesse in Kinderkrippen - eine praxisorientierte Konzeptgestaltung; 5.1 Rahmenbedingungen; 5.2 Pa?dagogischer Ansatz; 5.3 Qualita?t der Bildung; 5.4 O?ffentlichkeitsarbeit und Zusammenarbeit mit anderen Institutionen; 6 Impulse der praxisorientierten Konzeptgestaltung am Beispiel der ev. luth. Mattha?us Kindertagessta?tte 327 $a6.1 Mo?glichkeiten6.2 Grenzen; 6.3 Zusammenfassung im Hinblick auf die leitende Fragestellung; 7 Fazit und Perspektivbestimmung; Literaturverzeichnis; Autorenprofil 606 $aKindergarten$xMethods and manuals 606 $aEducation, Primary$xAims and objectives 615 0$aKindergarten$xMethods and manuals. 615 0$aEducation, Primary$xAims and objectives. 676 $a372.218 700 $aLey$b Bettina$01491872 801 0$bMiAaPQ 801 1$bMiAaPQ 801 2$bMiAaPQ 906 $aBOOK 912 $a9910786758603321 996 $aDer anfang za?hlt$93713966 997 $aUNINA